000 00963cam a2200205 4500
001 WB3912-17
008 030327n2003 000 0 eng u
035 _a(Sirsi) u121771
245 _aAccessible environments for all
260 _c2003
490 _aODPM News Release
_v(ODPM 052) 27 March 2003 (2)
520 _aThe built environment should be accessible to all, according to a new good practice guide launched by government. "Planning and access for disabled people: a good practice guide" is available on the OPDM website http://www.planning.odpm.gov.uk/padp/index.htm ODPM Press Release http://www.odpm.gov.uk/pns/DisplayPN.cgi?pn_id=2003_0052
590 _aWB
650 _aBUILT ENVIRONMENT
650 _aGOOD PRACTICE GUIDE
650 _aMANAGEMENT-BUSINESS MANAGEMENT-DISCRIMINATION-DISABILITY DISCRIMINATION-ACCESSIBILITY
650 _aPLANNING SYSTEM
690 _aENVIRONMENTAL AND LAND CONSULTANCY-PLANNING AND DEVELOPMENT
942 _n0
999 _c72371
_d72371